[Event "Mechanics' Spring TNM; 30/90, SD/30"]
[Site "San Francisco"]
[Date "2011.04.26"]
[Round "7.6"]
[White "Abraham, Renjish"]
[Black "Buscara, Sevan"]
[Result "0-1"]
[WhiteElo "1807"]
[BlackElo "2516"]
[PlyCount "66"]
[EventDate "2011.??.??"]

1. d4 Nf6 2. c4 e6 3. Nc3 Bb4 4. e3 O-O 5. Nf3 d5 6. a3 Be7 7. Bd3 b6 8. O-O
Bb7 9. cxd5 exd5 10. Qc2 Nbd7 11. Rd1 Re8 12. Ne5 a6 13. b4 c5 14. bxc5 bxc5
15. Rb1 Rb8 16. Nxd7 Qxd7 17. dxc5 Bxc5 18. Nxd5 Bxd5 19. Qxc5 Qg4 20. f3 Bxf3
21. Rd2 Bxg2 22. Rxg2 Qd1+ 23. Bf1 Rxb1 24. Rc2 Rb5 25. Qc4 Rg5+ 26. Rg2 Rxg2+
27. Kxg2 Ne4 28. Be2 Qd6 29. Qd3 Qg6+ 30. Kf1 Qf5+ 31. Ke1 Qf2+ 32. Kd1 Qg1+
33. Kc2 Rc8+ 0-1

[Event "Mechanics' Spring TNM; 30/90, SD/30"]
[Site "San Francisco"]
[Date "2011.03.15"]
[Round "1.19"]
[White "Abraham, Renjish"]
[Black "Clark, Thomas"]
[Result "1-0"]
[WhiteElo "1807"]
[BlackElo "1101"]
[PlyCount "100"]
[EventDate "2011.??.??"]

1. d4 Nf6 2. c4 e5 3. dxe5 Ng4 4. e4 Nxe5 5. f4 Bb4+ 6. Bd2 Nec6 7. Bxb4 Nxb4
8. a3 N4a6 9. Nf3 O-O 10. Bd3 Qf6 11. Qc1 Nc5 12. Bc2 Re8 13. Nc3 c6 14. O-O d6
15. Qe3 Bg4 16. b4 Bxf3 17. Qxf3 Ne6 18. Rad1 Nd4 19. Qd3 Nxc2 20. Qxc2 Na6 21.
Qd3 Rad8 22. Rf3 Nc7 23. Rdf1 Ne6 24. Ne2 Qe7 25. Rh3 h6 26. Qg3 Qf6 27. Rd1
Nf8 28. Qf3 Ng6 29. Rf1 Qe7 30. Ng3 Nh4 31. Qg4 Ng6 32. Rh5 d5 33. cxd5 cxd5
34. e5 Qd7 35. Nf5 Kh7 36. Qh3 Kg8 37. Qg3 Qe6 38. Nd6 Rxd6 39. exd6 Qxd6 40.
Qf3 Qb6+ 41. Qf2 d4 42. Rd1 Re3 43. Rd5 Nxf4 44. Qxf4 d3 45. Rd8+ Kh7 46. Qf5+
Qg6 47. Qxg6+ fxg6 48. R8xd3 Rxd3 49. Rxd3 g5 50. Rd7 Kg6 1-0

[Event "Mechanics' Spring TNM; 30/90, SD/30"]
[Site "San Francisco"]
[Date "2011.03.29"]
[Round "3.19"]
[White "Abraham, Renjish"]
[Black "Puryear, Ted"]
[Result "1-0"]
[WhiteElo "1807"]
[BlackElo "1210"]
[PlyCount "79"]
[EventDate "2011.??.??"]

1. d4 Nf6 2. c4 g6 3. Nc3 Bg7 4. Nf3 d6 5. e4 O-O 6. Be2 e5 7. d5 a5 8. O-O Na6
9. a3 Nc5 10. Qc2 Ne8 11. Be3 b6 12. Nd2 f5 13. f3 f4 14. Bf2 g5 15. Na2 Nf6
16. b4 Ncd7 17. Nc3 h5 18. Na4 g4 19. c5 gxf3 20. Nxf3 Ng4 21. cxb6 Nxb6 22.
Nxb6 cxb6 23. Qc6 Rb8 24. Nd2 Nxf2 25. Rxf2 Bg4 26. Nf3 Rc8 27. Qa4 Rf7 28. h3
Bxf3 29. Bxf3 Rfc7 30. Bxh5 Rc1+ 31. Rxc1 Rxc1+ 32. Rf1 Rc7 33. bxa5 Ra7 34. a6
Qa8 35. Be2 Qc8 36. Qc6 Rc7 37. Qxb6 Rc1 38. a7 Rxf1+ 39. Bxf1 f3 40. Qb8 1-0

[Event "Mechanics' Spring TNM; 30/90, SD/30"]
[Site "San Francisco"]
[Date "2011.04.05"]
[Round "4.9"]
[White "Abraham, Renjish"]
[Black "Todortsev, Victor"]
[Result "1-0"]
[WhiteElo "1807"]
[BlackElo "1926"]
[PlyCount "105"]
[EventDate "2011.??.??"]

1. d4 d5 2. c4 e6 3. Nc3 Nf6 4. Nf3 c6 5. Bg5 Be7 6. e3 O-O 7. Bd3 Nbd7 8. O-O
dxc4 9. Bxc4 Nd5 10. Bxe7 Qxe7 11. Rc1 f5 12. Re1 N7f6 13. a3 Bd7 14. Nd2 Rae8
15. e4 fxe4 16. Ndxe4 Nxe4 17. Nxe4 Qh4 18. g3 Qh3 19. Rc2 Rf5 20. Bf1 Qh6 21.
Nd6 Ref8 22. Nxf5 Rxf5 23. Re5 Rf7 24. Bg2 Nf6 25. Qd2 Qg6 26. Rg5 Ne4 27. Rxg6
Nxd2 28. Rg4 Nf3+ 29. Bxf3 Rxf3 30. Rc3 Rf5 31. Kg2 Rd5 32. Rc5 Rd6 33. Rcg5 g6
34. Re5 Kg7 35. h4 h5 36. Rf4 Be8 37. Kf3 b6 38. Re3 Bd7 39. Ke4 Rd5 40. Ref3
c5 41. dxc5 bxc5 42. Rf7+ Kh6 43. Rd3 Bc6 44. Rxd5 Bxd5+ 45. Ke5 a6 46. Ra7 Bc4
47. Rc7 Bb3 48. Rxc5 g5 49. Rc6 a5 50. Rxe6+ Bxe6 51. Kxe6 a4 52. Kf5 g4 53.
Kf6 1-0

[Event "Mechanics' Spring TNM; 30/90, SD/30"]
[Site "San Francisco"]
[Date "2011.04.12"]
[Round "5.19"]
[White "Allen, Tom"]
[Black "Dembling, Arthur"]
[Result "0-1"]
[WhiteElo "1455"]
[BlackElo "1848"]
[PlyCount "32"]
[EventDate "2011.??.??"]

1. e4 e6 2. Nf3 d5 3. e5 c5 4. b4 cxb4 5. d4 Nc6 6. a3 Bd7 7. Bd3 Qb6 8. axb4
Nxb4 9. c3 Nxd3+ 10. Qxd3 Ne7 11. Na3 Nf5 12. Rb1 Qc7 13. O-O a6 14. Re1 Rc8
15. Ra1 Qxc3 16. Qd1 Qxa1 0-1

[Event "Mechanics' Spring TNM; 30/90, SD/30"]
[Site "San Francisco"]
[Date "2011.03.29"]
[Round "3.7"]
[White "Allen, Tom"]
[Black "Krasnov, Steven"]
[Result "0-1"]
[WhiteElo "1455"]
[BlackElo "1957"]
[PlyCount "64"]
[EventDate "2011.??.??"]

1. e4 c5 2. d4 cxd4 3. c3 dxc3 4. Nxc3 Nc6 5. Nf3 d6 6. Bc4 e6 7. O-O Be7 8.
Qe2 a6 9. Rd1 Qc7 10. Bf4 Ne5 11. Nxe5 dxe5 12. Be3 b5 13. Bb3 Nf6 14. Bg5 (14.
Rac1) 14... Bb7 15. Bxf6 (15. Rac1) 15... Bxf6 16. Rd3 O-O 17. Rg3 Rad8 18. Qe3
Rd4 19. Rc1 Qe7 20. f3 Bh4 21. Rg4 h5 22. Rxh4 Qxh4 23. g3 Qf6 24. Ne2 Rd7 25.
f4 Rfd8 26. Rf1 exf4 27. Nxf4 Qe5 28. Rf2 Rd4 29. Bc2 g6 30. Re2 a5 31. Qf3 Rd2
32. Nd3 Qd4+ 0-1

[Event "Mechanics' Spring TNM; 30/90, SD/30"]
[Site "San Francisco"]
[Date "2011.04.26"]
[Round "7.20"]
[White "Allen, Tom"]
[Black "Saldona, Jose"]
[Result "1-0"]
[WhiteElo "1455"]
[BlackElo "1016"]
[PlyCount "45"]
[EventDate "2011.??.??"]

1. e4 e5 2. Nf3 Nc6 3. d4 exd4 4. c3 dxc3 5. Bc4 h6 6. Nxc3 Bb4 7. O-O Bxc3 8.
bxc3 Na5 9. Bxf7+ Kxf7 10. Qd5+ Ke8 11. Qxa5 c6 12. Qc5 b6 13. Qd4 Qe7 14. Bf4
Bb7 15. Bd6 Qf6 16. Qe5+ Qxe5 17. Nxe5 Nf6 18. f3 c5 19. Rad1 Bxe4 20. fxe4
Nxe4 21. Rde1 Nxd6 22. Ng6+ Kd8 23. Nxh8 1-0

[Event "Mechanics' Spring TNM; 30/90, SD/30"]
[Site "San Francisco"]
[Date "2011.04.05"]
[Round "4.10"]
[White "Alzhin, Leonid"]
[Black "Chen, Mingson"]
[Result "0-1"]
[WhiteElo "1673"]
[BlackElo "1904"]
[PlyCount "81"]
[EventDate "2011.??.??"]

1. d4 Nf6 2. Nf3 e6 3. e3 d5 4. c4 c5 5. cxd5 exd5 6. dxc5 Bxc5 7. Be2 Nc6 8.
O-O O-O 9. Nc3 a6 10. Na4 Ba7 11. b3 d4 12. exd4 Nxd4 13. Ba3 Nxe2+ 14. Qxe2
Re8 15. Qc2 Bg4 16. Ng5 Rc8 17. Qb1 Qa5 18. Nxf7 Kxf7 19. Bb2 Qf5 20. Nc3 Qxb1
21. Raxb1 b5 22. h3 Bf5 23. Rbd1 b4 24. Nd5 Nxd5 25. Rxd5 Be6 26. Rd6 Rc2 27.
Rxa6 Re7 28. Be5 Bc8 29. Ra5 Bc5 30. Bf4 Ree2 31. Be3 Bxe3 32. fxe3+ Kg6 33.
Rd1 Rxg2+ 34. Kf1 Rgf2+ 35. Kg1 Rg2+ 36. Kf1 Rcf2+ 37. Ke1 Re2+ 38. Kf1 Rgf2+
39. Kg1 h6 40. e4 Bxh3 41. Re5 0-1

[Event "Mechanics' Spring TNM; 30/90, SD/30"]
[Site "San Francisco"]
[Date "2011.03.15"]
[Round "1.6"]
[White "Alzhin, Leonid"]
[Black "Margulis, Igor"]
[Result "0-1"]
[WhiteElo "1673"]
[BlackElo "2100"]
[PlyCount "54"]
[EventDate "2011.??.??"]

1. d4 Nf6 2. Nf3 g6 3. Bf4 Bg7 4. Nc3 d6 5. Qd2 O-O 6. O-O-O c6 7. e4 b5 8. Bh6
b4 9. Bxg7 bxc3 10. Qxc3 Kxg7 11. Nd2 Be6 12. Kb1 Qb6 13. f3 d5 14. e5 Nfd7 15.
Nb3 a5 16. Bd3 Qb4 17. Qd2 Qxd2 18. Nxd2 c5 19. c3 Nc6 20. Bb5 Rfc8 21. dxc5
Nxc5 22. Nf1 Nxe5 23. Ne3 Rab8 24. Be2 Rd8 25. Rd2 Nc4 26. Nxc4 dxc4 27. Rc2
Bf5 0-1

[Event "Mechanics' Spring TNM; 30/90, SD/30"]
[Site "San Francisco"]
[Date "2011.03.29"]
[Round "3.11"]
[White "Alzhin, Leonid"]
[Black "Ochoa, Jason"]
[Result "1-0"]
[WhiteElo "1673"]
[BlackElo "1926"]
[PlyCount "59"]
[EventDate "2011.??.??"]

1. d4 Nc6 2. Nf3 d5 3. e3 Bg4 4. c4 e6 5. Nc3 Bb4 6. a3 Bxc3+ 7. bxc3 Nf6 8.
Be2 O-O 9. O-O Ne4 10. Bb2 f5 11. cxd5 exd5 12. Nd2 Qg5 13. Nxe4 dxe4 14. Bxg4
fxg4 15. Qb3+ Kh8 16. Qxb7 Na5 17. Qxe4 Nc4 18. Bc1 Rae8 19. Qc6 Nd6 20. e4 Qh5
21. e5 Nf5 22. Bf4 Re7 23. Bg3 Qg5 24. Qe4 h5 25. Bf4 Qg6 26. f3 Qf7 27. fxg4
hxg4 28. Bg5 Re6 29. d5 Rg6 30. e6 1-0

[Event "Mechanics' Spring TNM; 30/90, SD/30"]
[Site "San Francisco"]
[Date "2011.04.12"]
[Round "5.13"]
[White "Anderson, Michael"]
[Black "Alzhin, Leonid"]
[Result "1-0"]
[WhiteElo "1900"]
[BlackElo "1673"]
[PlyCount "101"]
[EventDate "2011.??.??"]

1. e4 e5 2. Nf3 Nc6 3. Bc4 Be7 4. d4 exd4 5. Nxd4 Ne5 6. Bb3 d6 7. O-O Nf6 8.
Nc3 O-O 9. f4 Ng6 10. Qd3 c5 11. Nf5 Be6 12. Nxe7+ Qxe7 13. Nd5 Nxd5 14. exd5
Bd7 15. Bd2 b5 16. c4 a6 17. Rae1 Qd8 18. Bc3 Nh4 19. Bc2 f5 20. b3 Re8 21. Qg3
Ng6 22. Rxe8+ Qxe8 23. h4 Qf7 24. h5 Ne7 25. h6 g6 26. Re1 Re8 27. Qh4 Nc8 28.
Rxe8+ Qxe8 29. Qf6 Qe3+ 30. Kf1 Qxf4+ 31. Ke2 Qg4+ 32. Ke1 Qg3+ 33. Kd1 Qg4+
34. Kc1 Qf4+ 35. Bd2 (35. Kb2 Qxh6 36. Qd8+ Qf8 37. Qxd7) 35... Qe5 36. Qd8+
Qe8 37. Qa5 Ne7 38. Qxa6 Qc8 39. Qxd6 Kf7 40. Be3 Ng8 41. Bxc5 Nxh6 42. Qe7+
Kg8 43. Bd4 Nf7 44. c5 Qe8 45. Qxe8+ Bxe8 46. b4 f4 47. Kd2 Kf8 48. d6 Bd7 49.
Ke2 Bg4+ 50. Kf2 Nd8 51. Be4 1-0

[Event "Mechanics' Spring TNM; 30/90, SD/30"]
[Site "San Francisco"]
[Date "2011.03.29"]
[Round "3.15"]
[White "Anderson, Michael"]
[Black "Hilliard, Michael"]
[Result "1-0"]
[WhiteElo "1900"]
[BlackElo "1478"]
[Annotator "Donaldson"]
[PlyCount "57"]
[EventDate "2011.??.??"]

1. e4 c6 2. d4 d5 3. exd5 cxd5 4. Bd3 Nf6 5. h3 e6 (5... Nc6 $1 6. Nf3 (6. c3
e5 $11) 6... Nb4 7. Be2 (7. Bb5+ Bd7) 7... Bf5) 6. Nf3 Bd6 7. O-O O-O (7... Nc6
8. Re1 Qc7 9. Qe2 O-O 10. c3 h6 (10... Bf4) 11. Ne5 Bxe5 12. dxe5 Nd7) 8. Bg5
Nbd7 9. Re1 Re8 10. Ne5 Qc7 (10... Qb6) 11. f4 Qb6 12. Nc3 Qxd4+ 13. Kh1 Qb6
14. Qf3 g6 (14... Be7) 15. Nxd7 Nxd7 16. Nxd5 Qxb2 17. f5 Ne5 $2 18. Nf6+ Kh8
19. Nxe8 Nxf3 20. gxf3 Qb6 21. Rab1 Qc6 22. Nxd6 Qxd6 23. Rbd1 Qg3 24. Bf6+ Kg8
25. Bf1 Qc7 26. Rd8+ Qxd8 27. Bxd8 Kf8 28. Rd1 Bd7 29. Rxd7 1-0

[Event "Mechanics' Spring TNM; 30/90, SD/30"]
[Site "San Francisco"]
[Date "2011.04.26"]
[Round "7.5"]
[White "Anderson, Michael"]
[Black "Jones, James"]
[Result "0-1"]
[WhiteElo "1900"]
[BlackElo "2077"]
[PlyCount "62"]
[EventDate "2011.??.??"]

1. e4 c5 2. Nf3 d6 3. c3 Nf6 4. e5 dxe5 5. Nxe5 Nbd7 6. f4 e6 7. Bb5 Bd6 8. O-O
O-O 9. Bxd7 Bxd7 10. Na3 b5 11. Nc2 Qc7 12. d4 Rfd8 13. Nxd7 Rxd7 14. Qf3 Rb8
15. dxc5 Bxc5+ 16. Kh1 Rbd8 17. f5 e5 18. Bg5 a5 19. Bxf6 gxf6 20. b4 Ba7 21.
bxa5 Rd3 22. Qg4+ Kh8 23. Qh4 Qd6 24. Ne1 Rxc3 25. Rd1 Qxd1 26. Qxf6+ Kg8 27.
Qg5+ Kf8 28. f6 Qe2 29. Qg7+ Ke8 30. Qg8+ Kd7 31. Qg4+ Qxg4 0-1

[Event "Mechanics' Spring TNM; 30/90, SD/30"]
[Site "San Francisco"]
[Date "2011.05.03"]
[Round "8.7"]
[White "Anderson, Michael"]
[Black "Persidsky, Andre"]
[Result "1-0"]
[WhiteElo "1900"]
[BlackElo "1799"]
[PlyCount "73"]
[EventDate "2011.??.??"]

1. e4 c5 2. c3 d6 3. d4 cxd4 4. cxd4 Nf6 5. Nc3 a6 6. Be3 e6 7. Bd3 Be7 8. h3
Nc6 9. Nge2 b5 10. O-O Bb7 11. Rc1 O-O 12. Ng3 Rc8 13. Nce2 Nb4 14. Bb1 Rxc1
15. Bxc1 Qd7 16. f4 Rc8 17. a3 Nc6 18. Qd3 g6 19. b4 Bf8 20. f5 exf5 21. exf5
Bg7 22. Bg5 Nd5 23. fxg6 hxg6 24. Ba2 Nce7 25. Qe4 Nf6 26. Qh4 Qc6 27. Rf2 Ned5
28. Ne4 Nxe4 29. Qxe4 Re8 30. Qf3 f5 31. Nc3 Qb6 32. Nxd5 Bxd5 33. Qxd5+ Kh7
34. Rd2 Qb8 35. h4 Re1+ 36. Kf2 Qe8 37. Qg8+ 1-0

[Event "Mechanics' Spring TNM; 30/90, SD/30"]
[Site "San Francisco"]
[Date "2011.03.23"]
[Round "2.6"]
[White "Belanoff, Ted"]
[Black "Chamberlain, Ethan"]
[Result "0-1"]
[WhiteElo "2011"]
[BlackElo "1829"]
[PlyCount "84"]
[EventDate "2011.??.??"]

1. Nc3 c5 2. Nf3 g6 3. e3 d5 4. d4 cxd4 5. Qxd4 Nf6 6. Bb5+ Nc6 7. Ne5 Qd6 8.
Qa4 Bd7 9. Nxd7 Qxd7 10. O-O Bg7 11. Rd1 Qe6 12. Qb3 O-O 13. Nxd5 Nxd5 14. Rxd5
Rfd8 15. Rxd8+ Rxd8 16. Be2 Qd7 17. h3 Be5 18. f4 Bc7 (18... Bb8) 19. Qxb7 Nd4
$5 20. Bd3 (20. exd4 Qxd4+ 21. Kh1 Bb6 22. Bd2 Qxd2 23. Qe4 Rd4 24. Qxe7 $11)
20... Nf5 21. Bd2 Qd6 22. Re1 e5 23. Bb4 Qd7 24. Bxf5 gxf5 25. fxe5 $2 (25. Bc3
$1) 25... Rb8 26. Qxa7 Rxb4 27. b3 Qd2 28. Rf1 Bb6 29. Qa8+ Kg7 30. Qc6 Bxe3+
31. Kh1 Rb6 32. Qf3 f4 33. g3 Rg6 34. gxf4 Bxf4 35. Rf2 Qc1+ 36. Rf1 Qxc2 37.
Rf2 Qb1+ 38. Rf1 Qxa2 39. Rf2 Qb1+ 40. Rf1 Qc2 41. Rf2 Qc1+ 42. Rf1 Qe3 0-1

[Event "Mechanics' Spring TNM; 30/90, SD/30"]
[Site "San Francisco"]
[Date "2011.04.26"]
[Round "7.3"]
[White "Belanoff, Ted"]
[Black "Morrison, Kyle"]
[Result "0-1"]
[WhiteElo "2011"]
[BlackElo "2249"]
[PlyCount "62"]
[EventDate "2011.??.??"]

1. e4 c5 2. c3 d5 3. exd5 Qxd5 4. d4 Nc6 5. dxc5 Qxd1+ 6. Kxd1 e5 7. b4 a5 8.
Ba3 axb4 9. Bxb4 Be6 10. a3 Nf6 11. Nd2 Nd5 12. Bb5 O-O-O 13. Bxc6 bxc6 14.
Ngf3 f6 15. Kc2 Nf4 16. Ne1 Bf5+ 17. Kc1 Ne6 18. Nb3 Be7 19. Ra2 Rd7 20. Nc2
Nf4 21. Na5 Nd3+ 22. Kb1 Kc7 23. Nc4 Bxc5 24. Ba5+ Kb7 25. Ka1 Ka6 26. Nb4+ Kb5
27. g4 Bg6 28. Nb2 Nxb2 29. Rxb2 Kxa5 30. Nxc6+ Ka4 31. Nb8 Rd6 0-1

[Event "Mechanics' Spring TNM; 30/90, SD/30"]
[Site "San Francisco"]
[Date "2011.04.05"]
[Round "4.8"]
[White "Belanoff, Ted"]
[Black "Sherwood, Peter"]
[Result "1-0"]
[WhiteElo "2011"]
[BlackElo "1807"]
[PlyCount "25"]
[EventDate "2011.??.??"]

1. Nc3 d5 2. e4 dxe4 3. Nxe4 Nc6 4. Nf3 Bf5 5. Ng3 Bg6 6. d4 Nb4 7. Bd3 Nxd3+
8. cxd3 Nf6 9. O-O e6 10. Bf4 Be7 11. Qb3 Rb8 12. Qa4+ c6 13. Bxb8 1-0

[Event "Mechanics' Spring TNM; 30/90, SD/30"]
[Site "San Francisco"]
[Date "2011.04.19"]
[Round "6.4"]
[White "Belanoff, Ted"]
[Black "Thornally, Frank"]
[Result "1-0"]
[WhiteElo "2011"]
[BlackElo "2200"]
[Annotator "Donaldson"]
[PlyCount "81"]
[EventDate "2011.??.??"]

1. e4 e5 2. Nf3 Nc6 3. Bc4 Nf6 4. d3 Be7 5. Nc3 d6 6. Be3 Be6 7. Nd5 O-O 8. Qd2
Ng4 9. b4 Qd7 10. a4 f5 11. exf5 Rxf5 12. Nxc7 $2 Bxc4 13. Nxa8 Nxe3 $2 (13...
Bd5 $17 14. b5 Nd4) 14. fxe3 Bf7 15. b5 $1 Nd8 16. Qc3 (16. b6 $1 a6 17. Nc7)
16... Ne6 (16... e4 $1 17. dxe4 Rc5 18. Qd2 b6 19. a5 bxa5 (19... Qc8 20. axb6)
20. Qxa5 Bf6) 17. b6 $1 a6 18. Nc7 Nc5 19. e4 Rxf3 20. gxf3 Bh4+ 21. Kd2 $6 (
21. Ke2 Qh3 22. Rag1 $16) 21... Qh3 22. Qb4 $4 Qxf3 $4 (22... Qg2+ $1 {
wins, for example} 23. Kc3 Bf2 24. Kb2 Nxd3+) 23. Raf1 $4 (23. Rad1 Bg5+ 24.
Kc3) 23... Bg5+ 24. Kc3 Qg2 $4 (24... Qe3 $3 25. Rd1 a5) 25. Rd1 (25. Qa3 Bd2+
26. Kb2 Bb4 27. Qa1 Nxd3+ 28. Kb1 Qxe4) 25... Bd2+ $4 (25... Be3 $3 26. Kb2
Bd4+ 27. Kc1 (27. Kb1 Ba2+) 27... Bb3) 26. Rxd2 Qxh1 27. Kb2 Qe1 28. Nd5 Nxa4+
$4 29. Qxa4 Qxd2 30. Qd7 $1 h6 31. Qxb7 Qa5 32. Qb8+ Kh7 33. Qxd6 Bxd5 34. exd5
Qb5+ 35. Kc3 a5 36. Kd2 a4 37. Kc3 a3 38. Qxa3 Qxb6 39. Qb4 Qc7+ 40. Kb3 Qf7
41. Qe4+ 1-0

[Event "Mechanics' Spring TNM; 30/90, SD/30"]
[Site "San Francisco"]
[Date "2011.04.12"]
[Round "5.21"]
[White "Bertot, German"]
[Black "Frank, Robert"]
[Result "1/2-1/2"]
[WhiteElo "1590"]
[BlackElo "1295"]
[PlyCount "109"]
[EventDate "2011.??.??"]

1. d4 Nf6 2. Nf3 d5 3. c4 e6 4. Nc3 Bb4 5. Qc2 c5 6. Bd2 cxd4 7. Nxd4 e5 $5 8.
Qa4+ Nc6 $4 (8... Qd7 9. Qxb4 exd4) 9. Nxc6 bxc6 10. Qxb4 a5 11. Qc5 Bb7 12.
cxd5 Nxd5 13. e4 Qe7 14. Na4 Nb4 15. Qxe7+ Kxe7 16. Bxb4+ axb4 17. Nc5 Ra7 18.
Bc4 Rd8 19. Rd1 Rd4 20. Rxd4 exd4 21. Nd3 f6 22. Bb3 Kd6 23. Nxb4 c5 24. Nd5
Ba6 25. Nb6 Rb7 26. Nc4+ Bxc4 27. Bxc4 Rxb2 28. Rf1 $6 (28. O-O {
would have won easily.}) 28... Rc2 29. Bd5 $4 (29. Bb3) 29... c4 $4 (29... Rc1+
30. Ke2 d3+) 30. Kd1 d3 31. Re1 $4 (31. Bxc4 $1 Rxc4 32. Kd2 Rxe4 33. Kxd3 {
would have offered White an ending where he would either win or draw. The text
should lose!}) 31... Kc5 $1 32. f4 Rxa2 33. Bg8 Ra1+ $6 (33... Kd4 $1 {
, waiting one more move to cash in the chips, would have won effortlessly.})
34. Kd2 c3+ 35. Kxc3 Rxe1 36. Kxd3 h6 37. Bd5 g5 38. fxg5 hxg5 39. Be6 Kd6 40.
Bf5 Ke5 41. g3 Rh1 42. h3 Rg1 43. g4 Rg3+ 44. Ke2 Rxh3 45. Kf2 Kf4 46. Kg2 Re3
47. Kf2 Rxe4 48. Bxe4 Kxg4 ({
This most be some sort of blunder due to lack of time or fatigue as} 48... Kxe4
{wins easily.}) 49. Bc6 Kf4 50. Bd7 f5 51. Ke2 g4 52. Bc8 Kg5 53. Kf2 f4 54.
Bb7 Kh4 55. Bg2 1/2-1/2

[Event "Mechanics' Spring TNM; 30/90, SD/30"]
[Site "San Francisco"]
[Date "2011.05.03"]
[Round "8.17"]
[White "Bertot, German"]
[Black "Harris, John"]
[Result "0-1"]
[WhiteElo "1590"]
[BlackElo "1722"]
[PlyCount "48"]
[EventDate "2011.??.??"]

1. d4 d5 2. c4 dxc4 3. Nf3 c6 4. Nc3 Nf6 5. a4 Nd5 6. e4 Nxc3 7. bxc3 Bg4 8.
Bxc4 e6 9. h3 Bh5 10. O-O Nd7 11. Bf4 Be7 12. Qd3 Bg6 13. Qe3 Qa5 14. Rfb1 Nb6
15. Bb3 O-O 16. Ne5 Rfe8 17. Nc4 Qa6 18. Nxb6 axb6 19. Bc2 b5 20. a5 b6 21. Bc7
bxa5 22. Rxa5 Qb7 23. Rba1 Rxa5 24. Bxa5 Ra8 {
and White lost on time! He is worse but much resistance is possible.} 0-1

[Event "Mechanics' Spring TNM; 30/90, SD/30"]
[Site "San Francisco"]
[Date "2011.03.23"]
[Round "2.11"]
[White "Bertot, German"]
[Black "Standen, Julian"]
[Result "1/2-1/2"]
[WhiteElo "1590"]
[BlackElo "1758"]
[PlyCount "93"]
[EventDate "2011.??.??"]

1. d4 d5 2. c4 c6 3. Nf3 Nf6 4. Nc3 a6 5. e3 Bf5 6. Qb3 Ra7 7. cxd5 cxd5 8. Bd2
e6 9. Rc1 Bd6 10. Nh4 Bg4 11. h3 Bh5 12. Be2 Bxe2 13. Kxe2 Nbd7 14. Nf3 b5 15.
a3 O-O 16. Na2 Re8 17. Bb4 Nb8 18. Bxd6 Qxd6 19. Ne5 Rc7 20. Rxc7 Qxc7 21. Rc1
Qb7 22. Qc2 Ne4 23. Nb4 f6 24. Nec6 Nd6 25. Nxb8 Rxb8 26. Qc7 Nc4 27. Qxb7 Rxb7
28. Rc2 a5 29. Nd3 Kf7 30. Nc5 Rb6 31. Kd3 Ke7 32. Kc3 e5 33. a4 b4+ 34. Kd3
e4+ 35. Ke2 Kd6 36. Nxe4+ Kd7 37. Nc5+ Kd6 38. b3 Na3 39. Rc1 f5 40. f4 h5 41.
h4 Ke7 42. g3 Rg6 43. Kf2 Rc6 44. Ke2 Rg6 45. Kf3 Rc6 46. Ke2 Rg6 47. Rg1
1/2-1/2

[Event "Mechanics' Spring TNM; 30/90, SD/30"]
[Site "San Francisco"]
[Date "2011.05.03"]
[Round "8.4"]
[White "Buscara, Sevan"]
[Black "Byambaa, Uyanga"]
[Result "1-0"]
[WhiteElo "2516"]
[BlackElo "1985"]
[Annotator "Donaldson"]
[PlyCount "93"]
[EventDate "2011.??.??"]

1. d4 f5 2. Bf4 Nf6 3. Nf3 d6 4. e3 g6 5. Nc3 Bg7 6. h3 O-O 7. Bc4+ Kh8 (7...
e6) 8. Ng5 Qe8 9. Ne6 (9. O-O e5) 9... Bxe6 (9... Qc6) 10. Bxe6 c6 11. g4 Ne4
12. g5 (12. gxf5) 12... Nxc3 13. bxc3 Na6 14. h4 Nc7 15. Bc4 e5 16. Bh2 d5 (
16... f4 17. h5 (17. Qd2 b5 18. Be2 b4) 17... fxe3 18. fxe3 exd4) 17. Be2 f4
18. h5 Kg8 19. Qd3 Nb5 (19... Ne6 20. O-O-O f3 21. Bf1 Nxg5 22. Rg1 Ne4) 20. c4
Nd6 (20... fxe3 21. cxb5) (20... exd4 21. cxb5 dxe3) 21. cxd5 cxd5 22. dxe5
Qxe5 23. Rd1 Qc3+ 24. Kf1 fxe3 25. Bxd6 Rxf2+ 26. Kg1 Rf5 27. Qxc3 Rxg5+ 28.
Kh2 Bxc3 29. Rhg1 Rf5 30. Rdf1 Rxf1 31. Rxf1 Rc8 32. hxg6 hxg6 33. Bd3 Rc6 34.
Bf4 Bd2 35. Rg1 Kf7 36. Kg3 Rf6 37. Rf1 Ke8 38. Be2 a6 39. Rf3 Re6 40. Bg5 Rc6
41. Bd3 Re6 42. Rf6 Rxf6 43. Bxf6 Kf7 44. Bd4 Ke6 45. Kf3 g5 46. Kg4 Kd6 47.
Be2 1-0

[Event "Mechanics' Spring TNM; 30/90, SD/30"]
[Site "San Francisco"]
[Date "2011.04.19"]
[Round "6.10"]
[White "Buscara, Sevan"]
[Black "Montoya, Daniel"]
[Result "1-0"]
[WhiteElo "2516"]
[BlackElo "1613"]
[PlyCount "87"]
[EventDate "2011.??.??"]

1. d4 d5 2. Bf4 Nc6 3. e3 Nf6 4. Nf3 Bg4 5. c4 e6 6. Nc3 Bb4 7. Be2 dxc4 8. Rc1
Nd5 9. Bg5 f6 10. Bh4 Nb6 11. O-O O-O 12. a3 Bxc3 13. Rxc3 Na5 14. e4 Qe8 15.
h3 Bh5 16. Qd2 Rd8 17. Qe3 Rc8 18. Rc2 Bg6 19. Nd2 Qa4 20. Rfc1 Bf7 21. Bg3 Qd7
22. Qc3 Nb3 23. Nxb3 cxb3 24. Rd2 Rfd8 25. Qxb3 e5 26. d5 Qa4 27. Qxa4 Nxa4 28.
Bg4 Rb8 29. Rxc7 Nb6 30. f4 h5 31. Be2 Nd7 32. Bb5 Be8 33. Bxd7 Rxd7 34. Rxd7
Bxd7 35. fxe5 fxe5 36. Bxe5 Re8 37. Bd4 Rxe4 38. Bxa7 Bb5 39. d6 Re1+ 40. Kf2
Re8 41. b3 Rd8 42. a4 Bc6 43. Bb6 Rd7 44. Bc7 1-0

[Event "Mechanics' Spring TNM; 30/90, SD/30"]
[Site "San Francisco"]
[Date "2011.04.12"]
[Round "5.17"]
[White "Buscara, Sevan"]
[Black "Morgan, Jerry"]
[Result "1-0"]
[WhiteElo "2516"]
[BlackElo "1538"]
[PlyCount "67"]
[EventDate "2011.??.??"]

1. d4 c6 2. e4 d5 3. Nc3 dxe4 4. Nxe4 Bf5 5. Ng3 Bg6 6. h4 h6 7. Nh3 e6 8. Nf4
Bh7 9. Nfh5 Nf6 10. c3 Nbd7 11. a4 Nxh5 12. Nxh5 Nf6 13. a5 Nxh5 14. Qxh5 Qd5
15. Be2 Be4 16. Qxd5 exd5 17. a6 b6 18. O-O Bf5 19. Bf4 O-O-O 20. c4 Be7 21.
cxd5 Rxd5 22. Bf3 Rxd4 23. Be5 Rd3 24. Bxc6 f6 25. Bf4 Bc5 26. Rad1 Rhd8 27.
Rc1 Rb3 28. Bb7+ Kd7 29. Rfd1+ Ke7 30. Rxd8 Kxd8 31. Bb8 Rxb2 32. Bxa7 Rxf2 33.
Rxc5 Rb2 34. Rxf5 1-0

[Event "Mechanics' Spring TNM; 30/90, SD/30"]
[Site "San Francisco"]
[Date "2011.03.23"]
[Round "2.8"]
[White "Byambaa, Uyanga"]
[Black "Abraham, Renjish"]
[Result "1-0"]
[WhiteElo "1985"]
[BlackElo "1807"]
[PlyCount "71"]
[EventDate "2011.??.??"]

1. e4 c5 2. Nf3 d6 3. d4 cxd4 4. Nxd4 Nf6 5. Nc3 g6 6. Be3 Bg7 7. f3 Nc6 8. Qd2
Bd7 9. g4 Rc8 10. O-O-O a6 11. h4 h6 12. Be2 Qa5 13. Kb1 Ne5 14. g5 hxg5 15.
hxg5 Nh5 16. f4 Nc4 17. Bxc4 Rxc4 18. f5 Be5 19. Nb3 Qc7 20. Nd5 Qc6 21. Na5
Qb5 22. Nxc4 Qxc4 23. fxg6 fxg6 24. Bf4 Bg7 25. b3 Qc6 26. Be3 Be6 27. Bd4 Rg8
28. Bxg7 Rxg7 29. Qd4 Rg8 30. Rd3 Bg4 31. Rc3 Qd7 32. Rc7 Qe6 33. Rxe7+ Qxe7
34. Nxe7 Kxe7 35. e5 Be6 36. Qxd6+ 1-0